| 000 | 00829nam a22002175i 4500 | ||
|---|---|---|---|
| 001 | 167900 | ||
| 003 | ES-MaACL | ||
| 005 | 20240516063104.0 | ||
| 008 | 051004s1904 fr | |||||||| ||fre d | ||
| 040 |
_aCAM _bspa _cCAM |
||
| 080 | _a001.895:316.66 | ||
| 100 | 0 |
_aWells, H. G., _d1866-1946 _9116458 |
|
| 245 | 1 | 0 |
_aAnticipations ou De l'influence du progrès mécanique et scientifique sur la vie et la pensée humaine / _cH.G. Wells ; traduit par Henry-D. Davray et B. Kozakiewicz. |
| 260 |
_aParis : _bSociété du Mercure de France, _c1904. |
||
| 300 |
_a364 p. ; _c19 cm. |
||
| 650 | 0 | 4 |
_aProgreso científico y tecnológico- _xAspectos sociales. _916471 |
| 700 | 0 |
_aDavray, Henry D. _942995 |
|
| 700 | 0 |
_aKozakiewicz, B. _968689 |
|
| 852 |
_aES-MaACL _jF-11453 _z-- Enc. hol. |
||
| 999 |
_c167900 _d167900 |
||